Statistics for 2018 World Cup 23 Man Roster - Egypt

Click here to take the quiz!

General Stats

  • This quiz has been taken 85 times
  • The average score is 11 of 23

Answer Stats

HintAnswer% Correct
ForwardMohamed Salah
97%
DefenderAhmed Hegazi
74%
MidfielderMohamed Elneny
70%
GoalkeeperEssam El Hadary
62%
MidfielderTarek Hamed
58%
DefenderAhmed Fathi
56%
DefenderAli Gabr
56%
GoalkeeperMohamed El Shennawy
55%
ForwardMarwan Mohsen
52%
GoalkeeperSherif Ekramy
51%
MidfielderAmr Warda
45%
MidfielderAbdallah El Said
44%
MidfielderMahmoud Hassan
42%
DefenderOmar Gaber
41%
DefenderAhmed Elmohamady
40%
MidfielderRamadan Sobhi
40%
DefenderMohamed Abdel-Shafi
38%
MidfielderMahmoud Kahraba
36%
MidfielderShikabala
36%
DefenderSaad Samir
34%
MidfielderSam Morsy
33%
DefenderAyman Ashraf
32%
DefenderMahmoud Hamdy
18%

Score Distribution

Percentile by Number Answered

Percent of People with Each Score

Your Score History

You have not taken this quiz